|
|
|
|
| LEADER |
00000cam a2200000 7i4500 |
| 001 |
0000005141 |
| 005 |
20151222.0 |
| 008 |
070802 |
| 020 |
|
|
|a 9832648971(set)
|
| 020 |
|
|
|a 9833389023
|
| 090 |
0 |
0 |
|a PLC
|b MAL
|
| 100 |
0 |
|
|a Suziyana binti Ismail
|
| 245 |
1 |
0 |
|a Pulau dan pantai peranginan & tanah tinggi peranginan
|c Suziyana binti Ismail
|
| 260 |
|
|
|a Selangor :
|b Penerbit Femina ,
|c 2006
|
| 440 |
|
|
|a Siri Malaysiana
|
| 500 |
|
|
|a Children ages 10-12 years old (pink)
|
| 650 |
|
0 |
|a Forest and forestry
|z Malaysia
|x Juvenile literature
|
| 650 |
|
0 |
|a Tourism
|z Malaysia
|x Juvenile literature
|
| 999 |
|
|
|a 0000978377
|b Book
|c Children Collection
|e Perbadanan Perpustakaan Awam Johor
|
| 999 |
|
|
|a 0000978378
|b Book
|c Children Collection
|e Cawangan Bandar Penawar
|
| 999 |
|
|
|a 0000978379
|b Book
|c Children Collection
|e Cawangan Tmn. Ungku Tun Aminah
|
| 999 |
|
|
|a 0000978380
|b Book
|c Children Collection
|e Perbadanan Perpustakaan Awam Johor
|
| 999 |
|
|
|a 0000978381
|b Book
|c Children Collection
|e Cawangan Batu Pahat
|
| 999 |
|
|
|a 0000984044
|b Book
|c Children Collection
|e Cawangan Tangkak
|
| 999 |
|
|
|a 0000984045
|b Book
|c Children Collection
|e Cawangan Bukit Gambir
|
| 999 |
|
|
|a 0000984046
|b Book
|c Children Collection
|e Cawangan Bandar Penawar
|
| 999 |
|
|
|a 0000984047
|b Book
|c Children Collection
|e Cawangan Tmn. Ungku Tun Aminah
|